| 000 | 00689nam a2200193 a 4500 | ||
|---|---|---|---|
| 001 | 000034737 | ||
| 005 | 20200930073855.0 | ||
| 008 | 111019s1956 dr 000 0 spa d | ||
| 040 |
_aDO-SdBNP _bspa _cBNPHU |
||
| 100 | 1 |
_aSzilasi, Wilbelm _960209 |
|
| 245 | 1 | 0 |
_a¿Qué es la ciencia? / _cWilbelm Szilasi ; traducción W. Roces y E. |
| 260 |
_aMéxico : _bFondo de Cultura Económica, _c1956. |
||
| 300 |
_a142 p. ; _c18 cm. |
||
| 490 | 1 |
_aBreviarios. Fondo de Cultura Económica _v2 |
|
| 500 | _aQuinta reimpresión 1973 | ||
| 590 | _aPerteneció a la biblioteca personal de Juan Isidro Jimenes Grullón | ||
| 830 | 0 |
_aBreviarios. Fondo de Cultura Económica _v2 _960210 |
|
| 049 | _aBNPD | ||
| 999 |
_c34228 _d34228 |
||